000 00332 a2200133 4500
001 155361
040 _cEscola São Tomás de Aquino
100 _aSOUZA, André dos Santos Baldraia
240 1 0 _aSer protagonista box
_lpor
245 1 0 _aSer protagonista box
362 0 _a2014
697 _aGEOGRAFIA GERAL / VIAGENS
942 _cBK
999 _c155361
_d155361